000 00338nam a2200133Ia 4500
008 240624s9999 xx 000 0 und d
041 _aeng
082 _a658.85 LON
100 _aLONDON JONATHAN
245 _aENTREPRENEUR S GUIDE TO SELLING
260 _c2009
_aLondon
_bPraeger
300 _axiii, : 155 : p. : cm. ; 24
365 _c
_b26
999 _c20734
_d20734